000 00204 a2200097 4500
001 11672
090 _c8983
_d8983
100 _aJane's
245 _aJane's Aircraft upgrades1995-96, 3/e
260 _auk
_bJanes
_c1995
942 _aNUST-CAE
999 _c246745
_d246745